MDQL
is popping MORE tags! Check the
thread
!
Quizzes
Events
Quiz Creation
Community
Videos
Private Events
Remove Ads
Sign In
Join for FREE
Feedback
Dark Mode
Quiz Categories
Sports
Geography
Music
Movies
Television
Just For Fun
Miscellaneous
History
Literature
Language
Science
Gaming
Entertainment
Religion
Holiday
For Kids
Quiz Lab
Recent
Popular Today
Quiz Kudos Today
Editor Picks
Curator Picks
Quizzes by...
Day
Popularity
Type
Ratings
Length
Year
Community
Subscriptions
Recent Discussions
Orange Saloon
Badges
Playlists
Quests
Create
Leaderboards
Showdown
Live 5
Trivia Bingo
Activity
Puzzle Library
Sporcle Events
Private Events
Virtual Trivia
Globe League
Become a Host
Pub Owners
SporcleCon
Opinionation
Our Games
Videos
Blog
Mobile Apps
Partnerships
Remove Ads and Go Orange
Feedback
Television
TV Characters
TV Show
Sitcom
Network
Friends
Reality Shows
Cast
South Park
Star Trek
The Simpsons
Doctor Who
Television
TV Characters
TV Show
Sitcom
Network
Friends
Reality Shows
Cast
South Park
Star Trek
The Simpsons
Doctor Who
Random Quiz
Search Sporcle
×
Quiz Lab
Quiz Lab
Television
Clip
Type in answers that appear in a list
Type in answers that appear in a list
Classic
Best Score? Go Orange.
UK/US TV Theme's Music Quiz (Clips!) - #1 Stats
Can you name the UK/US TV Theme's Music Quiz (Clips!) - #1?
By
Headlesspete
20m
50 Questions
1,107 Plays
1,107 Plays
1,107 Plays
Comments
Comments
Give Quiz Kudos
Give Quiz Kudos
-
- Ratings
hide this ad
Replay
Link that replays current quiz
Next Quiz
Link to next quiz in quiz playlist
You Got
0%
They Got
Avg Score
47%
Avg Friend Score
Upgrade to see
Score Distribution
Jump to the score distribution portion of the page
Score
0/50
Timer
20:00
0
Plays Today
Time
TV Show
% Correct
00:00 -
00:10
The Big Bang Theory
87.8%
00:30 -
00:40
Coronation Street
82.8%
01:50 -
02:00
BBC News
80.7%
04:30 -
04:40
Spongebob Squarepants
77.1%
05:10 -
05:20
Family Guy
76.3%
00:20 -
00:30
Emmerdale
76.2%
05:30 -
05:40
Scooby Doo
74.8%
06:40 -
06:50
Postman Pat
74.8%
05:20 -
05:30
Countdown
74%
03:30 -
03:40
The Apprentice
71.8%
01:10 -
01:20
Scrubs
71.7%
07:00 -
07:10
The Bill
71.3%
01:40 -
01:50
Pop Idol
71%
04:00 -
04:10
Casualty
70.5%
01:30 -
01:40
Blue Peter
68.6%
00:10 -
00:20
You've Been Framed
65.1%
07:10 -
07:20
Looney Tunes
64.3%
07:30 -
07:40
Thunderbirds
64%
02:40 -
02:50
Futurama
61.6%
00:40 -
00:50
Home and Away
61.4%
07:20 -
07:30
Malcolm in the Middle
60.7%
01:20 -
01:30
Wacky Races
59.9%
02:30 -
02:40
Baywatch
52%
07:40 -
07:50
How I Met Your Mother
49.8%
06:00 -
06:10
Johnny Bravo
44.7%
Time
TV Show
% Correct
05:00 -
05:10
The Inbetweeners
43.3%
06:10 -
06:20
Deal or No Deal
42.8%
06:30 -
06:40
The O.C
42.2%
00:50 -
01:00
Brookside
36.4%
03:40 -
03:50
Tazzmania
36%
05:50 -
06:00
Dallas
35%
04:50 -
05:00
Buffy the Vampire Slayer
33.8%
05:40 -
05:50
Ant and Dec's Saturday Night Take Away
32.6%
06:50 -
07:00
Gladiators
31.9%
02:10 -
02:20
Cow and Chicken
29.1%
01:00 -
01:10
The Powerpuff Girls
28.2%
03:10 -
03:20
Hey Arnold
28.1%
08:00 -
08:10
Gavin and Stacey
28.1%
02:50 -
03:00
Lost
28%
07:50 -
08:00
Grand Designs
27.3%
08:10 -
08:20
Dexters Laboratory
24.5%
02:20 -
02:30
Skins
21.8%
06:20 -
06:30
The Cramp Twins
21.3%
04:20 -
04:30
The Millionpound Drop
17%
02:00 -
02:10
Ugly Betty
14.7%
03:50 -
04:00
Shameless
14%
03:00 -
03:10
Oakie Doke
13.9%
04:10 -
04:20
Ed, Ed and Eddy
8.9%
04:40 -
04:50
Hells Kitchen
3.4%
03:20 -
03:30
The Celebrity Apprentice
0.9%
Quiz Playlist
Details
Report
Send in Message
Add To Playlist
Classic:
Type in answers that appear in a list
Last Updated: Feb 16, 2017
Quiz Scoreboard
CHALLENGE
Sign Up to Join the Scoreboard
Show All
Scores
Hide
Comments
May contain spoilers
Recently Published
Image Sorting: Flags VI
by Barbecue
Geography
2m
Find the 'City' Movie
by crazypaving
Movies
60s
Colored Red Africa Blitz
by spor1
Geography
45s
More to Explore
Quiz From the Vault
Featured Blog Post
14 Easter Pick-up Lines to Find Eggs With
hide this ad
You Might Also Like...
Tags
Clip Quiz
Music Clip
TV Theme
Video Clips
Today's Top Quizzes in Television
Browse Television
hide this ad
Today's Top Quizzes in Clip
Browse Clip
Top Contributed Quizzes in Television
1
Survivor Journey Challenge
2
Brooklyn Nine Nine Logic Puzzle (How-To-Play)
3
Total Drama Characters
4
Phoebe Buffay Quotes
5
Survivor Heroes vs. Villains Logic Puzzle
6
Adjectives in 00s TV Shows
7
Survivor Trivia
8
Game of Thrones: Tywin Lannister Start to Finish
9
Emmerdale Characters (from August 2012)
10
Survivor Logic Puzzle: Heroes vs. Villains
Explore More
Trending Topics
Disney
NBA
Anime
Marvel
Crossword
Harry Potter
Kpop
WWE
The Office
Country
Puzzle
NFL
Pokémon
Song
Soccer
hide this ad
More By:
Headlesspete
Quiz
Plays
Rating
Category
Featured
Created
WWE Theme Song Quiz - Part 3 (101 to 150)-(Audio)
1,189
2.75
Music
Mar 11, 2012
WWE Theme Song Quiz - Part 2 (51 to 100)-(Audio)
1,134
2.50
Music
Mar 11, 2012
UK/US TV Theme's Music Quiz (Clips!) - #1
1,107
3.20
Television
Sep 22, 2012
Film Music Quiz (Clips!) - #1
1,042
4.80
Movies
Sep 22, 2012
General Music Quiz (Clips!) - #2
384
3.38
Music
Sep 22, 2012
Go to Creator's Profile
Score Distribution
Quiz Creator Spotlight
Headlesspete
Follow
Send a Message
Quizzes Created
-
Created Quiz Play Count
-
More By This Creator
Popular Quizzes Today
1
Colored Red Africa Blitz
2
Find the US States - No Outlines Minefield
3
Find the 'City' Movie
4
5x2 Blitz: Bands
5
The Countries of the World
6
Find the US States
7
Find the Countries of Europe - No Outlines Minefield
8
US States
More Television Quizzes
Nine in Time: Spongebob Characters
Quiz Lab
Trending Quizzes
Colored Red Europe Blitz I
Colored Red Europe Blitz II
Colored Red Africa Blitz II
Colored Red Europe Blitz III
Colored Red Africa Blitz III
Recently Updated
How Do You Spell That?
pecheneg
Godzilla Movies
pecheneg
Grab Bag: 4-10 Letters
pecheneg
2024 March Madness Bracket
pecheneg
Famous TV Couples
Peacemaker
Champions League XIs: Real Madrid
pecheneg
Largest US Cities 1790-2010
pecheneg
Rides in Walt Disney World
pecheneg
Most Oscar Losses (Acting)
pecheneg
Beyoncé Albums
pecheneg
Trending Topics
Harry Potter
Kpop
Marvel
Disney
Anime
NBA
Crossword
Puzzle
Soccer
Pokémon
WWE
Country
The Office
Song
NFL
Your Account Isn't Verified!
In order to create a playlist on Sporcle, you need to verify the email address you used during registration. Go to your
Sporcle Settings
to finish the process.
Report this User
Report this user for behavior that violates our
Community Guidelines
.
Details:
Send Report
Go to the Sporcle.com Mobile Site →
Comments